| 000 | 00455nam a22001457a 4500 | ||
|---|---|---|---|
| 082 |
_a690 _bSOR _cL-14, P-77 |
||
| 100 |
_aSorochan, E.A _945240 |
||
| 245 |
_aConstruction of buildings on expansive soils _cE.A. Sorochan |
||
| 260 |
_aNew Delhi _bOxford & Ibh Publishing Co. Pvt. Ltd _c1991 |
||
| 300 | _aviii, 298 p. : | ||
| 526 |
_a0 _b0 _c0 _d690_000000000000000_SOR |
||
| 526 |
_a0 _b0 _c0 _d690_000000000000000_SOR |
||
| 650 |
_aMCE _9379 |
||
| 942 |
_2ddc _cBK |
||
| 999 |
_c548812 _d548812 |
||